Una canción, un labio (Registro nro. 183884)
[ vista simple ]
| 000 -LEADER | |
|---|---|
| campo de control de longitud fija | 01098nam a2200265 i 4500 |
| 001 - NÚMERO DE CONTROL | |
| campo de control | 183884 |
| 003 - IDENTIFICADOR DE NÚMERO DE CONTROL | |
| campo de control | ES-MaACL |
| 005 - FECHA Y HORA DE LA ÚLTIMA TRANSACCIÓN | |
| campo de control | 20231110174336.0 |
| 008 - DATOS DE LONGITUD FIJA--INFORMACIÓN GENERAL | |
| campo de control de longitud fija | 141105s2014 sp com | |||||||| | spa d |
| 080 ## - NÚMERO DE LA CLASIFICACIÓN DECIMAL UNIVERSAL | |
| Número de la Clasificación Decimal Universal | 77"19" |
| 080 ## - NÚMERO DE LA CLASIFICACIÓN DECIMAL UNIVERSAL | |
| Número de la Clasificación Decimal Universal | 821.134.2-14"19"(082.2) |
| 245 04 - MENCIÓN DEL TÍTULO | |
| Título | Una canción, un labio |
| Resto del título | : diecisiete labios en dos miradas, una canción y el mar / |
| Mención de responsabilidad, etc. | [coordinación, Amparo Cuenca Tamarit ; Juan C. Iturra ... et al.]. |
| 260 ## - PUBLICACIÓN, DISTRIBUCIÓN, ETC. | |
| Lugar de publicación, distribución, etc. | Almansa : |
| Nombre del editor, distribuidor, etc. | Universidad Popular, Ayuntamiento de Almansa, |
| Fecha de publicación, distribución, etc. | [2014] |
| 300 ## - DESCRIPCIÓN FÍSICA | |
| Extensión | 143 p. : |
| Otras características físicas | il. col. y n., fot. ; |
| Dimensiones | 24 cm + |
| Material acompañante/anejo | 1 DVD. |
| 650 #7 - PUNTO DE ACCESO ADICIONAL DE MATERIA--TÉRMINO DE MATERIA | |
| Término de materia o nombre geográfico como elemento de entrada | Fotografía- |
| Subdivisión cronológica | S.XX. |
| 9 (RLIN) | 155849 |
| 650 #7 - PUNTO DE ACCESO ADICIONAL DE MATERIA--TÉRMINO DE MATERIA | |
| Término de materia o nombre geográfico como elemento de entrada | Poesías españolas- |
| Subdivisión cronológica | S.XX. |
| 9 (RLIN) | 16221 |
| 700 1# - ENTRADA AGREGADA--NOMBRE PERSONAL | |
| Nombre de persona | Cuenca Tamarit, Amparo. |
| 9 (RLIN) | 155850 |
| 700 1# - ENTRADA AGREGADA--NOMBRE PERSONAL | |
| Nombre de persona | Iturra, Juan C. |
| 9 (RLIN) | 155852 |
| 710 2# - ENTRADA AGREGADA--NOMBRE DE ENTIDAD CORPORATIVA | |
| Nombre de entidad corporativa o nombre de jurisdicción como elemento de entrada | Universidad Popular de Almansa. |
| 9 (RLIN) | 155086 |
| 852 ## - LOCALIZACIÓN | |
| Ubicación | ES-MaACL |
| Número de control de estantería | A-13295 |
| itemnumber | 190843 |
| Sublocalización o colección | R.150142 |
| Ubicación en estantería | Depósito 1 |
| Signatura antigua | Olim: N-6295 |
| Donativo/Legado | Donación: Amparo Cuenca Tamarit |
| Anotaciones manuscritas | Dedicatoria autógrafa de la autora |
| 852 ## - LOCALIZACIÓN | |
| Ubicación | ES-MaACL |
| Número de control de estantería | ROT 2/7/30 |
| 903 ## - NOMBRE PERSONAL DE DONANTE | |
| 9 | 155850 |
| a | Cuenca Tamarit, Amparo |
| e | Donante |
| 942 ## - ELEMENTOS DE ENTRADA SECUNDARIOS (KOHA) | |
| Fuente del sistema de clasificación o colocación | Clasificación decimal universal |
| Tipo de ítem Koha | Libro impreso |
| Estatus retirado | Estado de pérdida | Fuente del sistema de clasificación o colocación | Estado de daño | No para préstamo | Biblioteca de origen | Biblioteca actual | Ubicación en estantería | Fecha de adquisición | Total de préstamos | Signatura topográfica completa | Código de barras | Visto por última vez | Precio de reemplazo | Tipo de ítem Koha | Colección | Fuente de adquisición | Nota pública |
|---|---|---|---|---|---|---|---|---|---|---|---|---|---|---|---|---|---|
| Clasificación decimal universal | Biblioteca del Ateneo de Madrid | Biblioteca del Ateneo de Madrid | Depósito | 08/05/2018 | ROT 2/7/30 | 1198825 | 23/02/2023 | 23/02/2023 | DVD | ||||||||
| Clasificación decimal universal | Biblioteca del Ateneo de Madrid | Biblioteca del Ateneo de Madrid | Depósito 1 | 05/11/2014 | A-13295 | 1193353 | 23/02/2023 | 23/02/2023 | Libro impreso | Libros con dedicatorias | Donación | Dedicatoria autógrafa del autor |
